Post-stabilization economics in Sub-Saharan Africa lessons from Mozambique

Gespeichert in:
Bibliographische Detailangaben
Weitere Verfasser: Clément, Jean A. P., Peiris, Shanaka J.
Format: Buch
Sprache:Englisch
Veröffentlicht: Washington, D.C. International Monetary Fund 2008
Schlagworte:
Tags: Tag hinzufügen
Keine Tags, Fügen Sie das erste Tag hinzu!

MARC

LEADER 00000nam$a2200000$$$4500
001 0107360
005 20240109071012.3
020 |a 978-1-58906-677-9 
041 0 |a eng 
044 |a US 
245 1 0 |a Post-stabilization economics in Sub-Saharan Africa  |b lessons from Mozambique  |c edited by Jean A. P. Clément, Shanaka J. Peiris 
264 1 |a Washington, D.C.  |b International Monetary Fund  |c 2008 
300 |a viii, 397 s. 
610 2 0 |a situácia hospodárska 
610 2 0 |a hospodárstvo národné 
610 2 0 |a hospodárstvo povojnové 
610 2 0 |a politika hospodárska 
610 2 0 |a chudoba 
610 2 0 |a Afrika 
610 2 0 |a Mozambik 
700 1 |a Clément, Jean A. P. 
700 1 |a Peiris, Shanaka J.